00804nam a2200193 a 450000100100000000500170001000800410002704000250006808200150009311000890010824000180019724500370021526000370025230000200028950501110030971000600042095201130048099900170059300004551720230526111406.0150413s2003 dr 000 0 spa d aDO-SdBNPbspacBNPHU axxxxbxxxx1 aInstituto de Desarrollo y Crédito Cooperativo.bDepartamento de Educación97357310a[Leyes, etc.]10aCompendio de leyes cooperativas. aSanto Domingo :bIDECOOP,c2003. a73 p. ;c22 cm.0 aLey no. 127 --tReglamento de la ley no. 127tLey no. 31tLey no. 28tDecreto No. 1498 --tLey no. 4227 --12aInstituto de Desarrollo y Crédito Cooperativo 957967 0010718PDaPDbPDcHDd2015-04-13iLF1l0oxxxx xxxxp45517-10r2020-06-25w2020-06-25yLFPDZNo se presta c45006d45006